000 00456nam a2200193Ia 4500
008 210210b1909 xxu||||| |||| 00| 0 eng d
041 _aeng
082 _a822/910
100 _aNEWMAN (J H)
245 _aHistorical sketches Vol III
260 _aLondon
_bLongmans Green and Company Limited
_c1909
440 _aIII
650 _aVol
650 _asketches
650 _aIII
650 _aHistorical
690 _aEnglish Prose
906 _a013093
999 _c131930
_d131930